MARC

LEADER 00000nam0a2200000 4500
001 36058
005 20231031000955.0
035 |a (RuTPU)RU\TPU\book\36519 
035 |a BOOK00003171 
090 |a 36058 
100 |a 20011210d1964 m y0rusy50 ca 
101 0 |a rus 
102 |a RU 
105 |a a j 000zy 
200 1 |a Синтетические полимеры и пластические массы на их основе  |e учебное пособие  |f А. Ф. Николаев 
210 |a Москва  |c Химия  |d 1964  |a Ленинград 
215 |a 784 с.  |c ил 
451 1 |0 (RuTPU)RU\TPU\book\36520  |t Синтетические полимеры и пластические массы на их основе  |o учебное пособие  |f А. Ф. Николаев  |e 2-е изд., испр. и доп.  |c Москва  |c Ленинград  |n Химия  |d 1966  |p 768 с.  |a Николаев, Анатолий Федорович 
610 1 |a химия 
610 1 |a полимеры 
610 1 |a пластические массы 
610 1 |a сырье 
610 1 |a характеристики 
610 1 |a получение 
610 1 |a методы 
610 1 |a технологические процессы 
610 1 |a свойства 
610 1 |a полимеры 
610 1 |a образование 
610 1 |a учебные пособия 
675 |a 679.56(075.8)  |v 3 
700 1 |a Николаев  |b А. Ф.  |g Анатолий Федорович 
801 0 |a RU  |b 63413507  |c 20011210  |g PSBO 
801 2 |a RU  |b 63413507  |c 20201028  |g PSBO 
900 |a Химия и технология пластических масс 
900 |a Технология пластических масс 
900 |a Химическая технология полимеров 
942 |c BK